Routledge handbook of critical public relations (Record no. 789168)

MARC details
000 -LEADER
fixed length control field 00908nam a2200289Ia 4500
003 - CONTROL NUMBER IDENTIFIER
control field OSt
005 - DATE AND TIME OF LATEST TRANSACTION
control field 20220928130942.0
008 - FIXED-LENGTH DATA ELEMENTS--GENERAL INFORMATION
fixed length control field 220927b |||||||| |||| 00| 0 eng d
037 ## - SOURCE OF ACQUISITION
Terms of availability Textual
040 ## - CATALOGING SOURCE
Original cataloging agency SDCL
Transcribing agency SDCL
Language of cataloging eng
041 ## - LANGUAGE CODE
Source of code eng
Language code of text/sound track or separate title eng
100 ## - MAIN ENTRY--PERSONAL NAME
Personal name Etang Jacquie L. Ed.
9 (RLIN) 476689
245 #0 - TITLE STATEMENT
Title Routledge handbook of critical public relations
260 ## - PUBLICATION, DISTRIBUTION, ETC.
Place of publication, distribution, etc. London
Name of publisher, distributor, etc. Routledge
Date of publication, distribution, etc. 2016
300 ## - PHYSICAL DESCRIPTION
Extent xxiii,422p.
Dimensions cm.
650 ## - SUBJECT ADDED ENTRY--TOPICAL TERM
Topical term or geographic name entry element I I C
700 ## - ADDED ENTRY--PERSONAL NAME
Personal name Mckie David Ed.
9 (RLIN) 476690
700 ## - ADDED ENTRY--PERSONAL NAME
Personal name Snow Nancy Ed.
9 (RLIN) 476691
700 ## - ADDED ENTRY--PERSONAL NAME
Personal name Xifra Jordi Ed.
9 (RLIN) 476692
942 ## - ADDED ENTRY ELEMENTS (KOHA)
Classification part X:8Ng, Q6
Koha item type Textual
Source of classification or shelving scheme Colon Classification (CC)
Holdings
Withdrawn status Lost status Damaged status Not for loan Home library Current library Date acquired Source of acquisition Total Checkouts Full call number Barcode Date last seen Price effective from Koha item type
        South Campus Library South Campus Library 2022-09-28 30, 15/03/2019, Eastern Media   X:8Ng Q6 SC1622212 2022-09-28 2022-09-28 Textual
Copyright @ Delhi University Library System